00513nam a2200157Ia 4500008004100000082001400041100002100055245004400076250000800120260003300128300000800161650001500169942001200184952014400196999001500340150301s2014 xx 000 0 und d a150bC14B aBARLOW, DAVID H. aCLINICAL HB. OF PSYCHOLOGICAL DISORDERS a5TH bGUIL FORD PUB.aLONDONc2014 a768 aPSYCHOLOGY 2ddccBK 00102ddc40718MEDICALaFMbFMcREFd2015-07-02eABC DELHIg5040.00iSGTUl0o150 C14BpFM7201r2019-06-05 00:00:00w2014-11-06yBKk4996 c6740d6740